000 00251nam a2200109Ia 4500
008 220204s9999 xx 000 0 und d
082 _a658.1
_bDEV
245 0 _aBusiness finance and costs
260 _aLondon
_bGee
_c1970
700 _aC S
942 _cBK
999 _c32833
_d32833